Systems Analysis and Design (Record no. 5451)

MARC details
000 -LEADER
fixed length control field 00565nam a22002177a 4500
003 - CONTROL NUMBER IDENTIFIER
control field OSt
005 - DATE AND TIME OF LATEST TRANSACTION
control field 20170113141032.0
008 - FIXED-LENGTH DATA ELEMENTS--GENERAL INFORMATION
fixed length control field 170113b xxu||||| |||| 00| 0 eng d
020 ## - INTERNATIONAL STANDARD BOOK NUMBER
International Standard Book Number 9781285192482
040 ## - CATALOGING SOURCE
Transcribing agency DDC
082 ## - DEWEY DECIMAL CLASSIFICATION NUMBER
Classification number 003 ROS 2014
100 ## - MAIN ENTRY--PERSONAL NAME
Personal name Rosenblatt, Harry J.
9 (RLIN) 6614
245 ## - TITLE STATEMENT
Title Systems Analysis and Design
250 ## - EDITION STATEMENT
Remainder of edition statement 10th ed.
260 ## - PUBLICATION, DISTRIBUTION, ETC. (IMPRINT)
Place of publication, distribution, etc. Australia; Cengage Learning, 2014
300 ## - PHYSICAL DESCRIPTION
Extent xix,668p; col.ill: 28cm
504 ## - BIBLIOGRAPHY, ETC. NOTE
Bibliography, etc Index included
650 ## - SUBJECT ADDED ENTRY--TOPICAL TERM
Topical term or geographic name as entry element Systems design
9 (RLIN) 586
650 ## - SUBJECT ADDED ENTRY--TOPICAL TERM
Topical term or geographic name as entry element Systems analysis
9 (RLIN) 449
942 ## - ADDED ENTRY ELEMENTS (KOHA)
Source of classification or shelving scheme Other/Generic Classification Scheme
Koha item type Open Shelf
Holdings
Withdrawn status Lost status Source of classification or shelving scheme Damaged status Not for loan Home library Current library Date acquired Source of acquisition Inventory number Total Checkouts Full call number Barcode Date last seen Koha item type Price effective from
    Dewey Decimal Classification     MUST Main Library MUST Main Library 13/01/2017   13/37162   003 ROS 2014 2017-0014 13/01/2017 Open Shelf  
    Dewey Decimal Classification     MUST Main Library MUST Main Library 07/03/2018   2017/40606   003 ROS 2014 2018-0162 07/03/2018 Open Shelf 07/03/2018